000 00840namaa2200217 i 4500
001 178922
003 ES-MaACL
005 20250620063021.0
008 110810s1892 fr | |||| ||fre d
080 _a575.8(44)(091)
100 1 _aQuatrefages, Armand de,
_d1810-1892
_9131507
245 1 0 _aDarwin et ses précurseurs français
_b: étude sur le transformisme /
_cpar A. de Quatrefages.
250 _a2e édition, revue et augmentée.
260 _aParis :
_bAncienne Librairie Germer Baillière et Cª :
_bFelix Alcan, Editeur,
_c1892.
300 _a294 p. ;
_c22 cm.
490 1 _aBibliothèque scientifique internationale ;
_v75
650 4 _aEvolucionismo-
_zFrancia-
_vHistoria.
_9147555
830 0 _aBibliothèque scientifique internationale ;
_v75
_9186949
852 _aES-MaACL
_jF-14404
999 _c178922
_d178922